Normal view
MARC view
- تأليف الزعبي، فواز
Entry Personal Name
001 - CONTROL NUMBER
- control field: 45802
003 - CONTROL NUMBER IDENTIFIER
- control field: JO-AjAnu
005 - DATE AND TIME OF LATEST TRANSACTION
- control field: 20230606081556.0
008 - FIXED-LENGTH DATA ELEMENTS
- fixed length control field: 230606|| aca||aabn | a|a d
040 ## - CATALOGING SOURCE
- Original cataloging agency: JO-AjAnu
- Transcribing agency: JO-AjAnu
100 ## - HEADING--PERSONAL NAME
- Personal name: تأليف الزعبي، فواز
670 ## - SOURCE DATA FOUND
- Source citation: Work cat.: (JO-AjAnu)23448: تأليف الزعبي، فواز , author, اصول محاسبة الشركات في الاردن